Common - sense morality and consequentialism (Record no. 64609)

MARC details
000 -LEADER
fixed length control field 00349nam a2200121 4500
082 ## - DEWEY DECIMAL CLASSIFICATION NUMBER
Classification number 171
Item number SLO
041 ## - LANGUAGE CODE
Language code of text/sound track or separate title eng
100 ## - MAIN ENTRY--PERSONAL NAME
Personal name Slote, Michael
245 ## - TITLE STATEMENT
Title Common - sense morality and consequentialism
Statement of responsibility, etc. by Michael Slote
260 ## - PUBLICATION, DISTRIBUTION, ETC.
Place of publication, distribution, etc. London
Name of publisher, distributor, etc. Routledge & Kegan Paul
Date of publication, distribution, etc. c1985
300 ## - PHYSICAL DESCRIPTION
Extent ix,157p. ; 22cm.
490 ## - SERIES STATEMENT
Series statement International library of philosophy
Holdings
Withdrawn status Lost status Damaged status Not for loan Collection code Home library Current library Date acquired Total Checkouts Full call number Barcode Date last seen Price effective from Koha item type
          North Eastern Hill University North Eastern Hill University 25/11/2011   171 SLO 175524 25/11/2011 25/11/2011 Books